| 000 | nam a22 a 4500 | ||
|---|---|---|---|
| 999 |
_c600 _d600 |
||
| 003 | AKMAL | ||
| 005 | 20170504122248.0 | ||
| 008 | 170504s1976 xxk 00 eng d | ||
| 020 | _a0140137858 (pbk) | ||
| 040 | _aAKMAL | ||
| 082 | 0 | 4 | _a158.1 BON |
| 090 |
_a158.1 _bBON |
||
| 100 | 1 |
_aDe Bono, Edward, _d1933- _91066 |
|
| 245 | 1 | 0 |
_aTeaching thinking / _cEdward de Bono |
| 260 |
_aLondon : _bPenguin Books, _c1976 |
||
| 300 |
_a268p. : _bill. ; _c20cm. |
||
| 650 |
_aThought and thinking _xStudy and teaching _91115 |
||
| 942 |
_2ddc _cBOOK |
||